ბათუმის შოთა რუსთაველის სახელმწიფო უნივერსიტეტის ბიბლიოთეკა

Pre-Roman and Roman Winchester: (ბიბ.ჩანაწერი № 60517)

000 -LEADER
fixed length control field 00552nam a22001697a 4500
005 - DATE AND TIME OF LATEST TRANSACTION
control field 20230810140140.0
008 - FIXED-LENGTH DATA ELEMENTS--GENERAL INFORMATION
fixed length control field 230810s1979 enk||||| |||| 00| 0 eng d
020 ## - INTERNATIONAL STANDARD BOOK NUMBER
International Standard Book Number 0198131771x
041 ## - LANGUAGE CODE
Language code of text/sound track or separate title eng
080 ## - UNIVERSAL DECIMAL CLASSIFICATION NUMBER
Universal Decimal Classification number 902 C-59
100 ## - MAIN ENTRY--PERSONAL NAME
Personal name Clark, Giles
9 (RLIN) 19657
245 ## - TITLE STATEMENT
Title Pre-Roman and Roman Winchester:
Remainder of title Part 2: The Roman Cemetery at Lankhills /
Statement of responsibility, etc. Giles Clark (Author), J. L. Macdonald (Author), & 2 more.
264 ## - PRODUCTION, PUBLICATION, DISTRIBUTION, MANUFACTURE, AND COPYRIGHT NOTICE
Place of production, publication, distribution, manufacture Oxford,
Date of production, publication, distribution, manufacture, or copyright notice 1979.
300 ## - PHYSICAL DESCRIPTION
Extent 450 p. :
Other physical details ill.;
Dimensions 30 cm.
700 ## - ADDED ENTRY--PERSONAL NAME
Personal name Macdonald, J.L.
Relator term ავტორი
9 (RLIN) 19658
942 ## - ADDED ENTRY ELEMENTS (KOHA)
Source of classification or shelving scheme
Koha item type წიგნი
ეგზემპლარები
Withdrawn status Lost status Source of classification or shelving scheme Damaged status Not for loan Permanent Location Current Location Shelving location Date acquired Cost, normal purchase price Full call number Barcode Date last seen Copy number Uniform Resource Identifier Price effective from Koha item type Public note
          ბათუმის შოთა რუსთაველის სახელმწიფო უნივერსიტეტის მთავარი ბიბლიოთეკა ბათუმის შოთა რუსთაველის სახელმწიფო უნივერსიტეტის მთავარი ბიბლიოთეკა წიგნსაცავი 2023-08-10 15.00 902 C-59 65158 2023-08-10 65158 ბსუ-ს საპატიო დოქტორის გურამ ლორთქიფანიძის საჩუქარი 2023-08-10 წიგნი 15 ლ.